000 01250cam a22002894a 4500
999 _c328900
_d328900
001 12361944
003 Nust
005 20170418172628.0
008 010328s2001 enka b 001 0 eng
010 _a 2001035007
020 _a0750651539 (pbk.)
040 _aDLC
_cDLC
_dDLC
042 _apcc
050 0 0 _aTA170
_b.S88 2001
082 0 0 _a628 LAN
_221
245 0 0 _aSustainable practices in the built environment /
_cedited by Craig A. Langston and Grace K.C. Ding.
250 _a2nd ed.
260 _aOxford ;
_aBoston :
_bButterworth-Heinemann,
_c2001.
300 _axvi, 288 p. :
_bill. ;
_c25 cm.
504 _aIncludes bibliographical references and index.
650 0 _aEnvironmental engineering.
700 1 _aLangston, Craig A.
700 1 _aDing, Grace K. C.
856 4 2 _3Publisher description
_uhttp://www.loc.gov/catdir/description/els031/2001035007.html
856 4 1 _3Table of contents
_uhttp://www.loc.gov/catdir/toc/els031/2001035007.html
906 _a7
_bcbc
_corignew
_d1
_eocip
_f20
_gy-gencatlg
942 _2ddc
_cBK